| 000 | 01403nam a2200373 i 4500 | ||
|---|---|---|---|
| 003 | CO-BoRNBP | ||
| 005 | 20230403222137.0 | ||
| 007 | ta | ||
| 008 | 221116s2022 ck a br 000 1 spa d | ||
| 020 | _a9789588846842 | ||
| 040 |
_aCO-BoRNBP _bspa _erda _cCO-BoRNBP |
||
| 041 | 1 |
_aspa _heng |
|
| 043 | _ae-uk-en | ||
| 084 | _aA JAY4 | ||
| 100 | 1 |
_aJay, Alison _d1966- _eautor _9850 |
|
| 245 | 1 | 3 |
_aLa abeja y yo _bun cuento sobre la amistad _ctexto e ilustraciones Alison Jay ; traducido por Isabel Llasat |
| 250 | _aEdición especial | ||
| 264 | 1 |
_aBogotá, Colombia _bAlianza Distribuidora de Colombia _c2022 |
|
| 300 |
_a34 páginas sin numerar _bilustraciones a color _c25 cm |
||
| 336 |
_atexto _btxt _2rdacontent |
||
| 337 |
_asin mediación _bn _2rdamedia |
||
| 338 |
_avolumen _bnc _2rdacarrier |
||
| 490 | 0 | _aPlan Nacional de Lectura y Escritura Leer es mi Cuento / Ministerio de Cultura | |
| 521 | _aRecomendado para un público infantil mayor de 6 años | ||
| 534 | _tBee & me | ||
| 650 | 1 | 7 |
_aÁlbumes infantiles ingleses _ySiglo XX _2LEMB _9700 |
| 650 | 1 | 7 |
_aLiteratura infantil inglesa _ySiglo XX _2LEMB _9701 |
| 650 | 1 | 7 |
_aAutores ingleses _ySiglo XX _2LEMB _9851 |
| 650 | 0 |
_aAbejas en la literatura _2LEMB _9852 |
|
| 650 | 1 | 7 |
_aAnimales en la literatura _2LEMB _9853 |
| 650 | 1 | 7 |
_aAmistad en la literatura _2LEMB _970 |
| 700 | 1 |
_aLlasat, Isabel _d1964- _etraductora _9854 |
|
| 942 |
_2ddc _cBK |
||
| 999 |
_c9318 _d9318 |
||